000 00548nam a2200229Ia 4500
003 OSt
005 20221005130933.0
006 a|||||r|||| 00| 0
007 ta
008 221004b |||||||| |||| 00| 0 mal d
024 _a52794
037 _cTextual
040 _aCRL
_cCRL
_bmal
041 _2mal
_amal
082 _aAz7, 32J4
100 _aParameswaran Au.
_9228780
245 0 _aSastrasarini
260 _c1954
650 _aSCIENCE
942 _hAz7, 32J4
_cTEXL
_2cc
999 _c1058858
_d1058858